Ramakrishna mission: the making of a modern Hindu movement (Record no. 396135)

000 -LEADER
fixed length control field 00477cam a22001457a 4500
008 - FIXED-LENGTH DATA ELEMENTS--GENERAL INFORMATION
fixed length control field 180718b2000 xxu||||| |||| 00| 0 eng d
020 ## - INTERNATIONAL STANDARD BOOK NUMBER
International Standard Book Number 019651332
082 ## - DEWEY DECIMAL CLASSIFICATION NUMBER
Classification number AB45 B388
100 ## - MAIN ENTRY--PERSONAL NAME
Personal name Beckerlegge, Gwilym
245 ## - TITLE STATEMENT
Title Ramakrishna mission: the making of a modern Hindu movement
Statement of responsibility, etc. by Gwilym Beckerlegge
260 ## - PUBLICATION, DISTRIBUTION, ETC.
Place of publication, distribution, etc. New Delhi
Name of publisher, distributor, etc. Oxford Univ. Press
Date of publication, distribution, etc. 2000
300 ## - PHYSICAL DESCRIPTION
Extent 219p.
650 ## - SUBJECT ADDED ENTRY--TOPICAL TERM
Topical term or geographic name entry element Hinduism - Missions
650 ## - SUBJECT ADDED ENTRY--TOPICAL TERM
Topical term or geographic name entry element Paramahansa, Ramakrishna - Criticism and interpretation
Holdings
Withdrawn status Lost status Damaged status Not for loan Permanent Location Current Location Date acquired Full call number Barcode Date last seen Price effective from Koha item type
        Indian Institute of Public Administration Indian Institute of Public Administration 2001-03-07 AB45 B388 76499 2018-07-21 2018-07-21 Book

Powered by Koha